Meilleurs sons de Sofiane - Statistiques

Statistiques générales
  • Ce quiz a été pris 211 fois
  • Le résultat moyen est 5 sur 15
Statistiques - réponses
Rang Titres Streams % Correct
13 Toka 27,5M
76%
4 Lundi 60,5M
68%
9 Mon p'tit loup 37,1M
59%
10 Longue vie (ft. Ninho, Hornet La Frappe) 34,7M
41%
11 Woah (ft. Vald, Mac Tyer, Soolking, Kalash Criminel, Sadek, Heuss L'enfoiré) 32,0M
39%
15 Loup garou (ft. GIMS) 24,7M
34%
1 Khapta (ft. Heuss L'enfoiré) 102,8M
33%
3 Tout l'monde s'en fout 68,5M
30%
14 Dragon (ft. Vald) 26,9M
26%
7 Sur le drapeau (ft. Suprême MTN) 42,9M
25%
12 Laisse pas traîner ton fils (ft. Ninho) 29,4M
23%
6 Bling Bling (ft. Kaaris, Kalash Criminel) 49,8M
21%
8 Mecs de cité (ft. Sifax) 40,7M
18%
5 C'est mon sang (ft. RK) 51,1M
15%
2 Perfekt (ft. RAF Camora, AriBeatz) 83,1M
4%
Aucun quiz correspondant
Distribution des résultats
% des personnes avec chaque résultat
Percentile par nombre de réponses
Votre historique - résultats
Vous n’avez pas pris ce quiz